000 00270nam a22001097a 4500
008 160613b xxu||||| |||| 00| 0 eng d
020 _a0323001505
041 _aeng
080 _a618.2
245 _aNursing care of infanrts and children:
_cDonna L. Wong;
942 _2udc
_cBK
999 _c2480
_d2480